Proyecto de programa y presupuesto 1998 1999

সংরক্ষণ করুন:
গ্রন্থ-পঞ্জীর বিবরন
সংস্থা লেখক: UNESCO
বিন্যাস: পাঠ‍্য
প্রকাশিত: Paris: UNESCO
ট্যাগগুলো: ট্যাগ যুক্ত করুন
কোনো ট্যাগ নেই, প্রথমজন হিসাবে ট্যাগ করুন!

MARC

LEADER 00000 a a2200000 04500
001 23403
003
040
090 |a 161900  
110 |a UNESCO  
245 |a Proyecto de programa y presupuesto 1998 1999  
260 |a Paris:   |b UNESCO  
300 |a 147 p.   |b **no definido**   |b fonodiscos  
999 |c 9240  |d 9240